Music Quiz

Random Music or Song Quiz

MKTO Classic Lyrics Quiz Stats

 Plays Quiz not verified by Sporcle

Score 0/300 Timer 10:00
0 Plays Today
Hint Answer % Correct
a
96.6%
and
96.6%
you
96.6%
the
96.6%
you
96.6%
you
96.6%
you
96.6%
you
96.6%
a
96.6%
you
96.6%
the
96.6%
a
96.6%
a
96.6%
you
96.6%
you
96.6%
the
96.6%
you
96.6%
you
96.6%
a
96.6%
a
96.6%
the
96.6%
you
96.6%
the
96.6%
you
96.6%
you
96.6%
a
96.6%
you
96.6%
the
96.6%
a
96.6%
a
96.6%
the
96.6%
a
96.6%
a
96.6%
and
96.6%
a
96.6%
you
96.6%
a
96.6%
the
96.6%
the
96.6%
the
96.6%
the
96.6%
a
96.6%
and
96.6%
girl
94.6%
girl
94.4%
girl
94.4%
like
94.1%
like
94.1%
like
94.1%
like
94.1%
like
94.1%
like
94.1%
like
94.1%
like
94.1%
like
94.1%
like
94.1%
like
94.1%
like
94.1%
like
94.1%
like
94.1%
like
94.1%
like
94.1%
shining
89.7%
i
89.6%
i
89.6%
i
89.6%
i
89.6%
i
89.6%
i
89.6%
i
89.6%
i
89.6%
i
89.6%
i
89.6%
your
89.6%
you're
89.4%
you're
89.4%
you're
89.4%
you're
89.4%
you're
89.4%
you're
89.4%
you're
89.4%
you're
89.4%
you're
89.4%
you're
89.4%
you're
89.4%
diamond
88.3%
baby
88%
baby
88%
baby
88%
baby
88%
baby
88%
baby
88%
baby
88%
baby
88%
out
87.7%
out
87.7%
out
87.7%
Out
87.7%
out
87.7%
of
87.1%
Hint Answer % Correct
of
87.1%
of
87.1%
of
87.1%
of
87.1%
of
87.1%
of
87.1%
avenue
86.8%
fifth
85.6%
oohooh
85.3%
ooh
85.1%
style
84.5%
style
84.5%
this
83.5%
this
83.5%
this
83.5%
never
82.8%
never
82.8%
to
82.5%
to
82.5%
to
82.5%
to
82.5%
world
81.5%
world
81.5%
so
81.5%
so
81.5%
so
81.5%
so
81.5%
world
81.5%
so
81.5%
going
81.4%
make
80.5%
make
80.5%
kiss
80.4%
kiss
80.4%
gone
80.3%
gone
80.3%
gone
80.3%
prince
80%
prince
80%
in
79.8%
in
79.8%
in
79.8%
in
79.8%
in
79.8%
in
79.8%
in
79.8%
in
79.8%
way
79.5%
way
79.5%
way
79.5%
on
79.3%
my
79.3%
my
79.3%
on
79.3%
my
79.3%
my
79.3%
my
79.3%
crazy
79.1%
pretty
79%
classic
78.1%
classic
78.1%
classic
78.1%
classic
78.1%
me
77.8%
me
77.8%
me
77.8%
it
77.3%
it
77.3%
it
77.3%
it
77.3%
class
77.3%
wanna
77.1%
wanna
77.1%
wanna
77.1%
wanna
77.1%
wanna
77.1%
they
76.7%
they
76.7%
don't
76.3%
HathawayHathaway
76.3%
mind
76.3%
HathawayHathaway
76.3%
mind
76.3%
Marvin GayeMarvin Gaye
76%
head
76%
Marvin GayeMarvin Gaye
76%
head
76%
michael
75.8%
michael
75.8%
for
75.1%
for
75.1%
for
75.1%
time
74.8%
time
74.8%
used
74.7%
might
74.7%
i'm
74.2%
i'm
74.2%
over
72.8%
over
72.8%
Hint Answer % Correct
wrong
72.7%
wrong
72.7%
song
72.5%
song
72.5%
get
72.4%
get
72.4%
an
71.7%
plastic
71.1%
plastic
71.1%
kind
70.8%
kind
70.8%
have
70.5%
was
70%
was
70%
write
69.8%
write
69.8%
thinking
69.7%
one
69.7%
thinking
69.7%
one
69.7%
let's
69%
let's
69%
smile
68.5%
born
68.2%
born
68.2%
who
67.4%
just
67.4%
blame
66.2%
living
66.1%
living
66.1%
could
66%
could
66%
pick
65.1%
up
63.2%
not
61.1%
roses
60.8%
imaima
60.5%
anything
59.1%
gentleman
59.1%
when
58.9%
notice
58.5%
throwback-ishthrowback-ish
57.2%
dozen
57.1%
thrill
56.9%
cadillac
56.9%
thrill
56.9%
back
56.8%
star
55.8%
star
55.8%
feel
55.4%
70s70s
55.2%
bringing
54.9%
40s40s
54.6%
glamour
54.4%
80s80s
54.2%
beyoncebeyonce
54.1%
walk
53.2%
down
52.9%
four
52.8%
marilynmarilyn
52.6%
hepburnhepburn
52.5%
ever
50.9%
met
50.4%
met
50.4%
real
50.2%
real
50.2%
doing
49.5%
aisle
49.4%
discothequediscotheque
49.4%
serenade
49.2%
is
47.8%
all
47.6%
keep
46.2%
we
46.1%
movie
45.9%
50s
45.9%
60s
44.8%
school
44.2%
old
44.1%
league
43.5%
rewind
42.6%
queen
41.5%
silver
41.1%
til
40.5%
sick
40.1%
got
37.9%
chic
37.5%
it's
37.1%
everything
36.6%
sinatra
35.5%
saved
34.8%
from
33.2%
tripping
32.9%
dream
32.8%
hippies
31.6%
best
31.5%
timeless
29.8%
fold
20.2%
massive
17.7%
centre
15.7%

You're not logged in!

Compare scores with friends on all Sporcle quizzes.
OR
Log In

Show Comments

Extras

Created Feb 8, 2014ReportNominate
Tags:Lyrics Quiz, Song Quiz, classic

Top Quizzes Today


Score Distribution

Your Account Isn't Verified!

In order to create a playlist on Sporcle, you need to verify the email address you used during registration. Go to your Sporcle Settings to finish the process.

Report this User

Report this user for behavior that violates our Community Guidelines.

Details: